00484 2200169 4500001002100000005001500021035002000036245006100056100003400117300001900151260003500170082001000205084001700215020002200232600003400254990002600288INLIS00000000000031020251024100817 a0010-10250001281 aMerajut :buntuk pemula /cHusna Wdyani dan Amalia Iffat0 aHusna Wdyani dan Amalia Iffat a96 hlm ;c25,5 aYogyakarta :bPIXELINDO,c2022 a746.4 a746.4 HUS m a978-623-88030-7-1 4aHusna Wdyani dan Amalia Iffat a2023/SMKMIRI/2783/001